| Tag |
First Indicator |
Second Indicator |
Subfields |
| LEADER |
00000cam a2200000Ii 4500 |
| 001 |
in00000037257 |
| 005 |
20220104090812.0 |
| 008 |
800605s1979 txuab bm 000 0 eng d |
| 035 |
|
|
|9 AAE7588AM
|
| 035 |
|
|
|a (OCoLC)06391605
|
| 035 |
|
|
|a (OCoLC)6391605
|
| 035 |
|
|
|a (OCoLC)ocm06391605
|
| 040 |
|
|
|a TXA
|b eng
|c TXA
|d OCL
|d OCLCQ
|d OCLCF
|d OCLCQ
|d OCLCO
|d TXA
|d UtOrBLW
|
| 043 |
|
|
|a a-iq---
|
| 049 |
|
|
|a TXAM
|
| 050 |
|
4 |
|a RA395.A5.D44
|b R37 1979a
|
| 099 |
|
|
|a 1979
|a Dissertation
|a R224
|
| 100 |
1 |
|
|a Rashid, Adnan Abdul-Rahman.
|0 http://id.loc.gov/authorities/names/n85820725
|
| 245 |
1 |
2 |
|a A methodology for developing a national health services system :
|b case study - Iraq /.
|
| 264 |
|
1 |
|a [College Station, Tex.] :
|b Rashid,
|c 1979.
|
| 300 |
|
|
|a xii, 143 leaves :
|b illustrations, maps ;
|c 29 cm
|
| 336 |
|
|
|a text
|b txt
|2 rdacontent
|
| 337 |
|
|
|a unmediated
|b n
|2 rdamedia
|
| 338 |
|
|
|a volume
|b nc
|2 rdacarrier
|
| 500 |
|
|
|a "Major subject: Architecture."
|
| 500 |
|
|
|a Vita.
|
| 502 |
|
|
|c Texas A & M University
|
| 504 |
|
|
|a Includes bibliographical references (leaves 117-122).
|
| 520 |
3 |
|
|a A review of the literature related to health services in developing countries reveals the lack of a comprehensive approach to health system planning at the national level. Accordingly, in this study, a methodology is developed and presented which promotes a systematic approach to developing a national health plan and related programs. The method is composed of three phases: analysis; plan development; and program development. The analysis phase involves collecting, structuring and analyzing data in order to identify problems and establish priorities among them. The plan development phase involves preparation of a set of general statements that define the direction and character of desired goals and objectives, and the selection of the means by which the objectives may be achieved. The program development phase involves planning the activities necessary for implementing the selected programs, and specifying how these activities are to be managed. Each phase produces well-defined products which are used as inputs to subsequent phases. The research focused on Iraq as a case study to illustrate the application of the national health planning methodology developed in this study. The study includes a proposal for restructuring the health care delivery system in Iraq as well as programmatic guidelines for planning primary care facilities.
|
| 650 |
|
0 |
|a Community health services
|z Developing countries.
|0 http://id.loc.gov/authorities/subjects/sh2009121044
|
| 650 |
|
0 |
|a Health planning
|z Developing countries.
|0 http://id.loc.gov/authorities/subjects/sh2008121482
|
| 650 |
|
0 |
|a Health planning
|z Iraq.
|
| 650 |
|
4 |
|a Major architecture.
|
| 650 |
|
7 |
|a Community health services.
|2 fast
|0 (OCoLC)fst00870958
|
| 650 |
|
7 |
|a Health planning.
|2 fast
|0 (OCoLC)fst00953159
|
| 651 |
|
7 |
|a Developing countries.
|2 fast
|0 (OCoLC)fst01242969
|
| 651 |
|
7 |
|a Iraq.
|2 fast
|0 (OCoLC)fst01205757
|
| 655 |
|
7 |
|a Academic theses.
|2 lcgft
|0 http://id.loc.gov/authorities/genreForms/gf2014026039
|
| 700 |
1 |
|
|a Flowers, Archie I.,
|e degree committee member.
|
| 700 |
1 |
|
|a Schmidt, Norma G.,
|e degree committee member.
|
| 700 |
1 |
|
|a Sweeney, Donald A.,
|e degree supervisor.
|
| 700 |
1 |
|
|a Trost, Frederick J.,
|e degree committee member.
|
| 710 |
2 |
|
|a Texas A & M University,
|e degree granting institution.
|0 http://id.loc.gov/authorities/names/n80125885
|
| 856 |
4 |
1 |
|u http://proxy.library.tamu.edu/login?url=http://proquest.umi.com/pqdweb?did=751948321&sid=1&Fmt=2&clientId=2945&RQT=309&VName=PQD
|z Link to ProQuest copy
|t 0
|
| 856 |
4 |
1 |
|u https://hdl.handle.net/1969.1/DISSERTATIONS-51809
|z Link to OAKTrust copy
|t 0
|
| 994 |
|
|
|a C0
|b TXA
|
| 999 |
f |
f |
|s 210455f4-fa1f-36cb-8ab9-d9b085246866
|i a8eae15e-2a30-3997-80ee-7a1a5ced0e51
|t 0
|
| 952 |
f |
f |
|p noncirc
|a Texas A&M University
|b J.J. Pickle Campus
|c High Density Repository
|s HDR
|d Remote Storage
|t 0
|e 1979 Dissertation R224
|h Other scheme
|i unmediated -- volume
|m A14840997414
|
| 952 |
f |
f |
|a Texas A&M University
|b College Station
|c Electronic Resources
|s www_evans
|d Available Online
|t 0
|e 1979 Dissertation R224
|h Other scheme
|
| 998 |
f |
f |
|a 1979 Dissertation R224
|t 0
|l Remote Storage
|
| 998 |
f |
f |
|a 1979 Dissertation R224
|t 0
|l Available Online
|